Shoo, Fly Guy! / (Record no. 2362)

MARC details
000 -LEADER
fixed length control field 00915cam a2200301 a 4500
005 - DATE AND TIME OF LATEST TRANSACTION
control field 20231121134417.0
020 ## - INTERNATIONAL STANDARD BOOK NUMBER
International Standard Book Number 9780439639057
020 ## - INTERNATIONAL STANDARD BOOK NUMBER
International Standard Book Number 0439639050
020 ## - INTERNATIONAL STANDARD BOOK NUMBER
International Standard Book Number 9780439639057
040 ## - CATALOGING SOURCE
Original cataloging agency DLC
Transcribing agency DLC
Modifying agency BAKER
-- C#P
-- VP@
-- BTCTA
-- DLC
Language of cataloging eng
050 00 - LIBRARY OF CONGRESS CALL NUMBER
Classification number PZ7.A7379
Item number Sh 2006
082 00 - DEWEY DECIMAL CLASSIFICATION NUMBER
Classification number 813.6
Edition number 22
100 1# - MAIN ENTRY--PERSONAL NAME
Personal name Arnold, Tedd
245 10 - TITLE STATEMENT
Title Shoo, Fly Guy! /
Statement of responsibility, etc. Tedd Arnold.
250 ## - EDITION STATEMENT
Edition statement First printing, September 2006
260 ## - PUBLICATION, DISTRIBUTION, ETC.
Place of publication, distribution, etc. New York :
Name of publisher, distributor, etc. Scholastic,
Date of publication, distribution, etc. 2006
300 ## - PHYSICAL DESCRIPTION
Extent 30 pages :
Other physical details color Illustrations
Dimensions 22 cm
500 ## - GENERAL NOTE
General note "Cartwheel books."
500 ## - GENERAL NOTE
General note "A Theodor Seuss Geisel honor book"--P. [4] of cover.
505 ## - FORMATTED CONTENTS NOTE
Formatted contents note F
520 ## - SUMMARY, ETC.
Summary, etc. A pet fly searches for his favorite brown, oozy, lumpy, smelly food.
521 ## - TARGET AUDIENCE NOTE
Target audience note 410
Source Lexile
521 ## - TARGET AUDIENCE NOTE
Target audience note F
Source Raz-Plus
650 #1 - SUBJECT ADDED ENTRY--TOPICAL TERM
Topical term or geographic name entry element Flies
Form subdivision Fiction.
906 ## - LOCAL DATA ELEMENT F, LDF (RLIN)
a 7
b cbc
c orignew
d 1
e ecip
f 20
g y-gencatlg
942 ## - ADDED ENTRY ELEMENTS (KOHA)
Source of classification or shelving scheme Dewey Decimal Classification
Koha item type Books
Suppress in OPAC No
999 ## -
-- 2362
-- 2362
Holdings
Withdrawn status Lost status Source of classification or shelving scheme Damaged status Not for loan Collection Home library Current library Shelving location Date acquired Total Checkouts Full call number Barcode Date last seen Copy number Price effective from Koha item type Date last checked out
    Dewey Decimal Classification     Juvenile Fiction Footprints International School Library Network Toul Kork Campus Footprints International School Library Network Toul Kork Campus TK Primary Library Room(4th Floor), Bookcase 1&2, Shelves 1-16, Dark Blue Books 11/20/2023   ARN 813.6 PZ7.A7379 FISBK00375 11/20/2023 1 11/20/2023 Books  
    Dewey Decimal Classification     Juvenile Fiction Footprints International School Library Network Toul Kork Campus Footprints International School Library Network Toul Kork Campus TK Primary Library Room(4th Floor), Bookcase 1&2, Shelves 1-16, Dark Blue Books 11/20/2023 13 ARN 813.6 PZ7.A7379 FISTKG1A074 02/26/2026 2 11/20/2023 Books 02/13/2026
    Dewey Decimal Classification     Juvenile Fiction Footprints International School Library Network Toul Kork Campus Footprints International School Library Network Toul Kork Campus TK Primary Library Room(4th Floor), Bookcase 1&2, Shelves 1-16, Dark Blue Books 07/01/2024 15 ARN 813.6 PZ7.A7379 2024-0904 02/04/2026 3 07/01/2024 Books 01/28/2026